[Event "EU-ch 11th"]
[Site "Rijeka"]
[Date "2010.03.09"]
[Round "4"]
[White "Nikolov, Momchil"]
[Black "Sutovsky, Emil"]
[Result "1/2-1/2"]
[WhiteElo "2550"]
[BlackElo "2650"]
[Annotator "Krasenkow,M"]
[PlyCount "85"]
[EventDate "2010.03.06"]
[EventType "swiss"]
[EventRounds "11"]
[EventCountry "CRO"]
[SourceTitle "CBM 136"]
[Source "ChessBase"]
[SourceDate "2010.05.18"]
[SourceVersion "1"]
[SourceVersionDate "2010.05.18"]
[SourceQuality "1"]

1. d4 Nf6 2. c4 g6 3. Nc3 d5 4. cxd5 Nxd5 5. Bd2 Bg7 6. e4 Nxc3 7. Bxc3 O-O 8.
Nf3 Bg4 9. Be2 c5 {This reply is more obvious here than after 8.Rc1.} 10. d5 e6
{GM Emil Sutovsky prefers to attack the d5-pawn at once, without the exchange
on c3.} (10... Bxc3+ 11. bxc3 Bxf3 (11... Qa5 12. Qd2 $5 Nd7 13. O-O) 12. Bxf3
Qd6 13. Rb1 (13. O-O Nd7 14. c4 Rfd8 15. g3 Qf6 16. Bg2 e5 17. Bh3 Nf8 18. Qe2
Rd6 19. Kh1 Rb6 $14 {1/2 Marholev,D (2413)-Okhotnik,V (2447)/Fouesnant 2009/
EXT 2010 (58)}) 13... b6 14. O-O Nd7 15. g3 h5 16. Bg2 e5 17. dxe6 Qxe6 18. f4
Rad8 19. Qe2 $6 (19. Qa4 $16) 19... Nf6 20. Rbd1 Nd5 21. Qd2 Ne7 22. Qxd8 Rxd8
23. Rxd8+ Kg7 $13 {0-1 Rychagov,A (2528)-Timofeev,A (2637)/Moscow 2007/CBM 122
(56)}) (10... Nd7 11. O-O Qc7 12. Rc1 $5) 11. O-O exd5 12. exd5 Qd6 (12... Nd7
$5 13. Rc1 Qb6 14. Re1 Rfe8 15. Ng5 Bxe2 16. Rxe2 Nf6 17. Rxe8+ Rxe8 18. Qa4
Rd8 19. b3 Rxd5 20. Bxf6 Qxf6 21. Qe8+ Bf8 22. Qxf8+ Kxf8 23. Nxh7+ Kg7 24.
Nxf6 Kxf6 $11 {1/2 Dreev,A (2670)-Gulko,B (2552)/Barcelona 2008/CBM 127 (40)})
13. Qb3 Bxc3 14. bxc3 b6 15. Rfe1 Bxf3 16. Bxf3 Nd7 {A typical position.
White's bishop is quite passive but he has a strong d5-pawn (and the black
queen is not its best blockader), and Black's queenside is vulnerable.
Therefore Black will have to display accuracy.} 17. a4 {Pawns don't move back!
It was probably better to leave this square for the queen.} (17. Qa4 {was
premature due to} Ne5 $1 18. Be2 Qxd5 19. Rad1 Qc6 20. Bb5 Qf6 21. Qe4 a6 22.
Ba4 b5 23. Qxe5 Qxe5 24. Rxe5 bxa4 25. Rxc5 Rfd8 $11) ({but} 17. Rad1 $142 $5
Ne5 (17... a6 18. Re6 $1) (17... Rfe8 18. Rxe8+ Rxe8 19. Qa4 $36) 18. Be2 a6
19. c4 $14 {keeping Qb3-a4 as an option.}) 17... Ne5 18. Be2 Rae8 19. Bb5 $6 (
19. a5 $14 {was logical.}) 19... Ng4 $1 20. g3 Re5 21. h3 Nf6 (21... Ne3 $5 22.
Rxe3 (22. c4 Nf5) 22... Rxe3 23. fxe3 Qxg3+ 24. Kf1 $1 Qf3+ 25. Kg1 $1 Qg3+ $11
) 22. c4 Ne4 {[%csl Ge4] Black's active knight now facilitates his defence.}
23. Qb2 Re7 24. Ra3 f5 25. Rae3 Ref7 26. h4 h6 27. Kg2 Rf6 28. f4 g5 $5 {
In fact, the position simplifies after this break.} 29. hxg5 hxg5 30. fxg5 Nxg5
31. Qe5 Ne4 32. Qxd6 Rxd6 33. Rf1 Kg7 34. Rf4 Rh6 35. Bd7 Nd6 36. Re7+ $6 (36.
g4 $11) 36... Kf6 37. Re6+ Kg5 38. Re7 (38. Rxh6 Kxh6 39. Kf3 $11) 38... Rfh8
39. Re5 (39. Re6 $11) 39... Rh1 40. Rexf5+ Nxf5 41. Rxf5+ Kg6 42. Re5 R8h2+ 43.
Kf3 {It is now Black who can try for a win but without real chances as White
sets up his bishop on b5 and creates an unassailable fortress.} 1/2-1/2

[Event "Khanty-Mansiysk FIDE GP"]
[Site "Khanty-Mansiysk"]
[Date "2015.05.16"]
[Round "3"]
[White "Jobava, Baadur"]
[Black "Gelfand, Boris"]
[Result "1/2-1/2"]
[WhiteElo "2699"]
[BlackElo "2744"]
[Annotator "Krasenkow,M"]
[PlyCount "80"]
[EventDate "2015.05.14"]
[EventType "tourn"]
[EventRounds "11"]
[EventCountry "RUS"]
[EventCategory "21"]
[SourceTitle "CBM 167"]
[Source "ChessBase"]
[SourceDate "2015.07.13"]
[SourceVersion "1"]
[SourceVersionDate "2015.07.13"]
[SourceQuality "1"]

1. d4 {[%emt 0:00:09]} Nf6 {[%emt 0:00:06]} 2. c4 {[%emt 0:00:08]} g6 {[%emt 0:
00:02]} 3. Nc3 {[%emt 0:00:18]} d5 {[%emt 0:00:03]} 4. Nf3 {[%emt 0:00:32]} Bg7
{[%emt 0:00:14]} 5. Qa4+ {[%emt 0:00:31]} Bd7 {[%emt 0:02:36]} 6. Qa3 $146 {
[%emt 0:00:13][%mdl 512] According to the database, this continuation is
completely new! However, its value is uncertain.} (6. Qb3 dxc4 7. Qxc4 {
has been seen in thousands of games.}) 6... dxc4 {[%emt 0:15:28]} 7. e4 {
[%emt 0:00:09]} b5 {[%emt 0:00:04] A principled reaction. Black takes the pawn,
however, his knight will be pushed to the edge of the board. Is there
sufficient compensation? I don't think so.} 8. e5 {[%emt 0:00:08]} Ng4 {
[%emt 0:08:55]} (8... Nh5 {is possible, too. In both cases Black plans ...
a7-a5 threatening ...b5-b4.}) 9. h3 {[%emt 0:01:59]} Nh6 {[%emt 0:05:28]} 10.
b3 {[%emt 0:01:14]} a5 {[%emt 0:04:38]} 11. Qb2 {[%emt 0:00:56]} b4 {[%emt 0:
03:12]} 12. Ne4 {[%emt 0:00:07]} c3 {[%emt 0:10:59] Such a pawn wedge can be
harmless when the opponent seizes the centre. But here Black, with his
powerful light-squared bishop on c6, will be in control of that part of the
board, too.} 13. Qc2 {[%emt 0:00:15]} O-O {[%emt 0:01:45]} 14. Bc4 {[%emt 0:01:
51]} Bc6 {[%emt 0:02:15]} 15. h4 {[%emt 0:03:51]} Nf5 {[%emt 0:03:55]} 16. Qd3
{[%emt 0:00:54]} Nd7 $6 {[%emt 0:12:54] Black will have to sacrifice a piece
for a couple of pawns to parry White's attack and clear the way for his pawns.
It is important to find a good version.} (16... a4 $1 {was probably more
energetic, e.g.} 17. h5 (17. bxa4 Nd7 $1 18. h5 Nb6 19. Bb3 Bxa4) (17. g4 axb3
18. Bxb3 (18. gxf5 b2 19. Bxb2 cxb2 20. Rb1 Ra3 21. Bb3 Nd7 {[%cal Yd7e5]})
18... Nxd4 $1 19. Nxd4 Ra5 $3 20. f4 Bxe5 21. fxe5 Rxe5 22. Kf2 Bxe4 23. Qe3
Bxh1 24. Qxe5 Nd7 $17 {[%cal Yd7f6]}) 17... axb3 18. hxg6 hxg6 19. Bxb3 Bd5 $1
20. Bxd5 Qxd5 21. g4 Nd6 $1 22. exd6 exd6 23. O-O Rxa2 {, and Black achieves
his aim.}) 17. h5 {[%emt 0:02:20]} Nxe5 {[%emt 0:08:18] This version is less
favourable for Black.} 18. dxe5 {[%emt 0:05:15]} Qxd3 {[%emt 0:01:58]} 19. Bxd3
{[%emt 0:00:06]} a4 {[%emt 0:07:01]} 20. hxg6 {[%emt 0:07:16]} hxg6 {[%emt 0:
02:44]} 21. bxa4 {[%emt 0:12:48]} Rfd8 {[%emt 0:04:35]} 22. Bc2 {[%emt 0:01:51]
} Bxa4 {[%emt 0:00:27]} 23. Bxa4 {[%emt 0:00:11]} Rxa4 {[%emt 0:00:03] Here
his strong pawns can only give him sufficient drawing chances.} 24. O-O $6 {
[%emt 0:20:18]} (24. Nc5 $142 Raa8 25. Nb3 {[%cal Rg2g4] but even here Black
creates a big mess by means of} f6 $1 26. g4 fxe5 $1 27. gxf5 e4 {[%cal Re4f3,
Rc3c2] , and his counterplay should be enough for a draw, e.g.} 28. Nh4 c2 29.
Ke2 Rd3 $1 {etc.}) 24... Ra5 $6 {[%emt 0:02:33]} (24... Rd5 {[%cal Yc7c5] was
even stronger and promised Black good winning chances.}) 25. Rb1 {[%emt 0:05:
46]} c5 {[%emt 0:01:38]} 26. a3 $1 {[%emt 0:10:53]} bxa3 {[%emt 0:03:21]} 27.
Nxc3 {[%emt 0:00:30]} Nd4 {[%emt 0:00:19]} 28. Bf4 {[%emt 0:07:12]} a2 {
[%emt 0:03:19]} 29. Ra1 {[%emt 0:00:04]} Rda8 {[%emt 0:03:19]} 30. Rfd1 {
[%emt 0:00:12]} g5 $5 {[%emt 0:03:14]} (30... f6 31. Nxd4 cxd4 32. Ne4 fxe5 33.
Bd2 $13) 31. Nxg5 {[%emt 0:26:49]} f6 {[%emt 0:00:05]} 32. Nge4 {[%emt 0:01:21]
} Nb3 {[%emt 0:00:29]} 33. Rxa2 {[%emt 0:00:55]} Rxa2 {[%emt 0:00:03]} 34. Nxa2
{[%emt 0:00:04]} Rxa2 {[%emt 0:00:17] The material balance has been restored,
and the game quickly ends in a draw.} 35. exf6 {[%emt 0:00:50]} Bxf6 {[%emt 0:
00:22]} 36. Rd7 {[%emt 0:01:25]} Kf7 {[%emt 0:02:24]} 37. Rc7 {[%emt 0:00:11]}
Nd4 {[%emt 0:00:13]} 38. Bg3 {[%emt 0:00:18]} (38. Nxf6 $142 Ne2+ 39. Kh2 Nxf4
40. Ne4 $11) 38... Ne2+ {[%emt 0:00:19]} 39. Kh2 {[%emt 0:00:02]} Nxg3 {
[%emt 0:00:14]} 40. fxg3 {[%emt 0:00:00]} (40. Nxf6 Nf1+ 41. Kg1 Ra1 42. Nd7
$11) 40... Bd4 $15 {[%emt 0:00:00] Now Black could have played on, at least
with chances to get the endgame "R+B vs R".} ({It is essential that} 40... Bd4
41. Nxc5 $4 {loses to} Ra5) 1/2-1/2

[Event "RUS-ch 69th"]
[Site "Novosibirsk"]
[Date "2016.10.24"]
[Round "8"]
[White "Riazantsev, Alexander"]
[Black "Kokarev, Dmitry"]
[Result "1-0"]
[WhiteElo "2651"]
[BlackElo "2636"]
[Annotator "Krasenkow,M"]
[PlyCount "71"]
[EventDate "2016.10.16"]
[EventType "tourn"]
[EventRounds "11"]
[EventCountry "RUS"]
[EventCategory "18"]
[SourceTitle "CBM 175"]
[Source "ChessBase"]
[SourceDate "2016.11.10"]
[SourceVersion "1"]
[SourceVersionDate "2016.11.10"]
[SourceQuality "1"]

1. d4 Nf6 2. c4 g6 3. Nc3 d5 4. Nf3 Bg7 5. h4 {This side system is gaining
popularity!} dxc4 (5... c6 {is more cautious.}) 6. e4 O-O ({The immediate} 6...
c5 7. d5 b5 8. h5 {is quite dangerous for Black, too.}) (6... Bg4 {is another
option.}) 7. Bxc4 (7. e5 Ng4 (7... Nh5 $5 8. Bxc4 c5 9. dxc5 Qxd1+ 10. Kxd1 Nc6
11. e6 Bxe6 12. Bxe6 fxe6 13. Ke2 e5 $132 {0-1 (69) Al Sayed,M (2505)-Hansen,E
(2584) Dubai 2014}) 8. Bf4 c5 9. d5 Nd7 10. Qe2 Qc7 11. Nb5 Qa5+ 12. Nc3 b5 13.
h5 b4 14. Nd1 Nb6 $17 {1/2 (29) Agdestein,S (2595)-Bok,B (2520) Oslo 2013}) (7.
h5 Nxh5 (7... c5 8. hxg6 hxg6 9. d5 b5 10. Bh6 Bxh6 11. Rxh6 b4 12. Na4 $13 {
1/2 (34) Mamedyarov,S (2775)-Kamsky,G (2741) Tromsoe 2013}) 8. Bxc4 Bg4 9. Be3
e5 (9... Nc6 $5) 10. dxe5 Nc6 11. Be2 (11. Qd5 $6 Bxf3 12. gxf3 Nxe5 13. Be2
Qf6 14. O-O-O Nf4 $17 {1/2 (53) Morozevich,A (2739)-Popov,I (2656) Moscow 2013}
) 11... Nxe5 12. Qxd8 Raxd8 13. Nxe5 Bxe2 14. Nxg6 hxg6 15. Kxe2 $11) 7... c5 (
7... Bg4 8. e5 Nfd7 9. h5 $1 Nb6 10. Bb3 c5 11. hxg6 hxg6 12. Rh4 cxd4 13. Rxg4
dxc3 {1-0 (30) Fridman,D (2627)-Hansen,E (2584) Rabat 2014} 14. Bxf7+ $1 Kxf7
15. Qc2 $18) 8. d5 (8. e5 $6 Ng4 9. h5 cxd4 10. hxg6 hxg6 11. e6 Bxe6 12. Bxe6
dxc3 13. Bxf7+ Kxf7 14. Ng5+ Ke8 15. Qxg4 cxb2 16. Bxb2 Bxb2 17. Rd1 Qa5+ 18.
Kf1 Qf5 $19 {0-1 (23) Pogosyan,G (2330)-Popov,I (2650) Voronezh 2014}) 8... b5
$1 {Black must play energetically, otherwise White is simply better.} 9. Bxb5 (
9. Bd3 $6 c4 10. Bc2 b4 11. Ne2 e6 12. Nf4 exd5 13. e5 Ng4 14. Qxd5 Qb6 15. O-O
Bb7 16. Qxc4 Ba6 $17 {0-1 (45) Fridman,D (2627)-Bok,B (2591) Rosmalen 2014})
9... Nxe4 10. Nxe4 Qa5+ 11. Nc3 Bxc3+ 12. bxc3 Qxb5 {This typical combination
usually guarantees Black an excellent position but here White continues his
kingside activity:} 13. h5 Qc4 (13... Bf5 14. hxg6 Bxg6 15. Ne5 Nd7 16. c4 Qa5+
17. Bd2 Qc7 18. Nxg6 (18. Nxd7 Qxd7 19. O-O Rfe8 {1/2 (19) Altini,N (2394)
-Brunello,S (2568) Boscotrecase 2014}) 18... fxg6 19. O-O $14) (13... Ba6 14.
Ne5 $5 (14. Be3 Rd8 15. hxg6 hxg6 16. Nd2 Qd3 17. Rc1 Nd7 18. c4 Ne5 $132 {
1-0 (39) Thorfinnsson,B (2478)-Gislason,G (2321) Reykjavik 2013})) 14. hxg6
fxg6 15. Rh4 $1 Qxc3+ 16. Bd2 Qd3 17. Bh6 (17. Bg5 {is a good alternative; it
is not easy for Black to find a good way to equality:} Qxd1+ 18. Rxd1 e6 (18...
Rf5 $5 19. Bxe7 Nd7 {may be more appropriate}) 19. d6 Nd7 20. Be3 Rf5 21. Ng5
Nf6 22. Rc1 Rd5 23. Rxc5 Rxd6 24. Bd4 $44 {1-0 (54) Akobian,V (2632)-Chirila,I
(2521) Dallas 2014}) 17... Qxd1+ 18. Rxd1 Re8 (18... Rf5 19. d6 $5) 19. Ng5 Nd7
20. Ne6 Rb8 21. Nc7 Rd8 22. Ne6 Re8 23. Nc7 Rd8 24. Re4 Rb7 25. d6 exd6 26. Ne8
(26. Ne6 $5 Re8 27. Nxc5 Rxe4+ 28. Nxe4 Ne5 29. Nxd6 $14) 26... Rb4 27. Re3 (
27. Re7 {is parried by} Rh4 28. Bg7 Rh1+ 29. Kd2 Rxd1+ 30. Kxd1 Bb7 31. Bf6 Kf8
) 27... Bb7 $2 (27... Ba6 $1 {, and Black holds on:} 28. Nxd6 (28. Rxd6 Rb1+
29. Kd2 Rb6 30. Nf6+ Kf7 31. Rxd7+ Rxd7+ 32. Nxd7 Rd6+) 28... Nf6 29. Bg5 Rf8
30. Re7 Ng4 $1 31. Rxa7 (31. f3 Rb2) 31... Ra4 32. f3 Rxa2 $1 33. Rd2 Ra1+ $11
{Of course, finding this over the board would be a miracle.}) 28. Rxd6 {
[%cal Gd6d8] The pin along the d-file now proves decisive.} Rd4 (28... Rb1+ 29.
Kd2 Rb6 {now loses a piece after} 30. Nf6+ Kf7 31. Rxd7+ Rxd7+ 32. Nxd7 Rd6+
33. Rd3) 29. Bg5 $1 Rxd6 (29... Rc8 30. Rxd7 Rxd7 31. Nf6+ $18) 30. Nxd6 Rb8
31. Re7 {[%mdl 128]} Bc6 32. Bh6 Kh8 33. Nf7+ Kg8 34. Ng5 $1 Ne5 35. Rxe5 Rb1+
36. Kd2 1-0

[Event "EU-ch 11th"]
[Site "Rijeka"]
[Date "2010.03.08"]
[Round "3"]
[White "Melkumyan, Hrant"]
[Black "Riazantsev, Alexander"]
[Result "1/2-1/2"]
[WhiteElo "2582"]
[BlackElo "2660"]
[Annotator "Krasenkow,M"]
[PlyCount "105"]
[EventDate "2010.03.06"]
[EventType "swiss"]
[EventRounds "11"]
[EventCountry "CRO"]
[SourceTitle "CBM 136"]
[Source "ChessBase"]
[SourceDate "2010.05.18"]
[SourceVersion "1"]
[SourceVersionDate "2010.05.18"]
[SourceQuality "1"]

1. d4 Nf6 2. c4 g6 3. Nc3 d5 4. cxd5 Nxd5 5. Bd2 Bg7 6. Nf3 c5 7. Rc1 Nxc3 8.
Bxc3 cxd4 9. Nxd4 O-O 10. e4 $6 {Too aggressive. White dangerously weakens the
dark squares in his camp.} (10. e3 {is a more common move. The whole line is
considered very dull and drawish.}) 10... Nd7 (10... Bd7 11. Qd2 Nc6 12. Nb3
Be6 13. Qe3 Bxb3 14. axb3 Bd4 15. Qg3 Rc8 16. h4 Bxc3+ 17. bxc3 Qa5 18. h5 Qe5
19. Qe3 Rfd8 {1/2 Lautner,J (2126)-Jergler,K (2086)/Bayern 2003/EXT 2006}) (
10... Qb6 $5 11. Nb3 Bxc3+ 12. Rxc3 Nc6 13. Bd3 Be6 14. O-O Rfd8 $15 {1/2
Prielozny,S (2169)-Vrabel,M (1966)/Slovakia 2009/EXT 2010 (42)}) 11. Nb5 Nf6
12. f3 $6 {It was necessary to exchange queens, after which the white king
would be safe in the centre.} (12. Qxd8 Rxd8 13. f3 $11) 12... Bd7 13. Be2 Rc8
(13... a6 $5 14. Nd4 Rc8 15. Qd2 {- see 13...Rc8} (15. O-O $143 Nh5 {[%cal
Yh5f4]} 16. Qd2 $6 e5 17. Nb3 Nf4 $17)) 14. Qd2 (14. Nxa7 $6 Rxc3 $1 15. Rxc3
Qa5 (15... Qb6 $2 16. e5) 16. Qd2 $1 {[]} (16. Qd4 Ra8) 16... Qxa7 17. e5 Be6
18. exf6 Bxf6 $17) (14. e5 $6 Nh5 $1 15. Nxa7 Rxc3 16. Rxc3 Bxe5 $17) (14. O-O
$6 a6 15. Nd4 Nh5) 14... Bxb5 (14... Qb6 $5 15. Bd4 $1 Rxc1+ 16. Qxc1 Qa5+ 17.
Nc3 Rc8 18. O-O Nh5 $15) (14... a6 $142 15. Nd4 (15. Na3 $6 Be6 {[%csl Ra3]})
15... Nh5 $1 {and White has serious problems completing his development.}) 15.
Qxd8 Rfxd8 16. Bxb5 a6 17. Be2 Nd7 (17... Nh5 18. g3 $5) 18. Kf2 Bxc3 19. Rxc3
Rxc3 20. bxc3 $15 {[%mdl 4096] Black has obtained a small advantage in the
endgame but it is not easy to convert. Finally White manages to hold his
ground.} Nc5 21. Ke3 Na4 22. Rb1 Rd7 23. Rb3 Rc7 24. c4 Nc5 25. Rb6 e5 26. g3
Rc6 27. Rxc6 bxc6 28. h4 f6 29. f4 Kf7 30. Bg4 h6 31. f5 $5 gxf5 (31... g5 32.
Bd1 Ke7 33. Bc2 Kd6 34. Kf3 $132) 32. Bxf5 Ke7 33. Kf3 a5 34. Kg4 Kf7 35. Kh5
Kg7 36. g4 Nd3 37. g5 hxg5 38. hxg5 c5 39. Bd7 Nb4 40. Kg4 $5 {White finds a
study-like draw, avoiding long defence.} ({After} 40. a4 {, however, Black
could hardly break through, e.g.} Nc2 41. Kh4 Nd4 42. Kg4 fxg5 43. Kxg5 Kf7 44.
Bg4 $11) 40... Nxa2 41. Kf5 fxg5 42. Kxg5 $1 (42. Kxe5 Nc3 $19) 42... Kf7 43.
Kf5 Ke7 {[%cal Re7d7,Re7d6]} 44. Kxe5 Kxd7 (44... Nc3 45. Bc6 a4 46. Bxa4 Nxa4
47. Kd5 Kd7 48. e5 $1 $11 {- the white pawn deflects the black king, and the
white monarch breaks through to c6 and b5.}) 45. Kd5 a4 (45... Kc7 46. Kxc5 Nc3
(46... Nb4 47. Kb5 Nc6 48. e5 Kd7 49. c5 Kc7 50. e6 $11) 47. e5 Kd7 48. Kd4 $1
Na4 49. Kd5 $1 Nb2 50. Kc5 {- surprisingly, White's king both supports his
pawns and controls Black's a5-pawn.}) 46. Kxc5 a3 47. Kd4 Kc6 48. e5 Kd7 49. c5
Ke6 50. c6 Nb4 51. Kc3 Nxc6 52. Kb3 Nxe5 53. Kxa3 1/2-1/2

[Event "Tata Steel-A 74th"]
[Site "Wijk aan Zee"]
[Date "2012.01.27"]
[Round "11"]
[White "Aronian, Levon"]
[Black "Navara, David"]
[Result "0-1"]
[WhiteElo "2805"]
[BlackElo "2712"]
[Annotator "Krasenkow,M"]
[PlyCount "120"]
[EventDate "2012.01.14"]
[EventType "tourn"]
[EventRounds "13"]
[EventCountry "NED"]
[EventCategory "21"]
[SourceTitle "CBM 147"]
[Source "ChessBase"]
[SourceDate "2012.03.16"]
[SourceVersion "1"]
[SourceVersionDate "2012.03.16"]
[SourceQuality "1"]

1. Nf3 Nf6 2. c4 g6 3. Nc3 d5 4. cxd5 Nxd5 5. Qb3 Nb6 6. d4 Bg7 7. e4 Bg4 8.
Bb5+ {An idea of GM M.Illescas.} (8. Be3 Bxf3 9. gxf3 Bxd4 {- see Fressinet -
So in CBM 141.}) 8... c6 9. Ng5 O-O 10. Be2 Bxe2 (10... Bc8 11. h4 $1 $36 c5 $6
12. dxc5 N6d7 13. Be3 Qa5 14. Qc4 b5 15. Qb3 Na6 16. O-O h6 17. Nf3 b4 18. Qa4
$1 $16 {0-1 Illescas Cordoba,M (2591)-Negi,P (2615)/Sestao 2010/CBM 138 (53)})
11. Nxe2 Na6 $146 (11... N8d7 12. Qh3 h6 13. Nf3 h5 14. e5 $36 c5 $5 (14... e6
15. Bg5) 15. e6 $1 cxd4 $1 16. exf7+ (16. exd7 e5 17. Bd2 $14) 16... Rxf7 17.
Ng5 Rf5 $13 {1-0 Gordon,S (2535)-Bok,B (2488)/Germany 2011/EXT 2012 (28)}) 12.
Be3 Qd6 13. O-O (13. a3 c5 $1) 13... Qb4 $1 {It is essential for Black to
trade queens as White's space advantage is more important in the middlegame.}
14. Qxb4 {After this move Black seizes initiative.} (14. Qc2 $142 Qc4 15. Rfc1
Qxc2 16. Rxc2 e5 17. dxe5 Bxe5 18. a3 $11) 14... Nxb4 {[%cal Rb4c2]} 15. Rfc1
e5 $1 16. Nf3 (16. dxe5 Bxe5 17. Bc5 Nd3 $1 18. Bxf8 Nxc1 19. Rxc1 Rxf8 $15)
16... exd4 17. Bxd4 Rfe8 18. Bxg7 Kxg7 19. Ng3 (19. Nc3 Rad8 20. Rd1 Nc4 $36)
19... Rad8 20. Ne1 Rd2 21. a3 Nd3 22. Nxd3 (22. Nf1 $142 $1 Nxc1 23. Nxd2 Rd8
24. Rxc1 Rxd2 25. Rc2 $15) 22... Rxd3 23. Rab1 (23. f3 $142 Re5 24. b4 Rb5 25.
Ne2) 23... Re5 24. Rd1 Rxd1+ 25. Rxd1 {[%mdl 4096]} Rb5 26. b4 Nc4 27. Rd3 a5
28. bxa5 Rxa5 29. f4 Rxa3 {Black has won a pawn and gradually parries White's
counterplay:} 30. Rd7 b5 31. e5 b4 (31... Re3 32. Rc7 b4 33. Rxc6 b3 34. Rxc4
b2 35. Rb4 Re1+ 36. Kf2 b1=Q 37. Rxb1 Rxb1 {is hardly enough for a win.}) 32.
e6 b3 33. Rxf7+ (33. e7 Ra8 (33... b2 $5 34. e8=Q b1=Q+ 35. Nf1 Qf5) 34. Ne4 (
34. Rd8 $2 b2 35. e8=Q b1=Q+ 36. Nf1 Qb6+) 34... b2 35. Nc3 Re8 36. Rb7 Ne3 37.
Rxb2 Rxe7 {should be gradually winning for Black, too.}) 33... Kh6 34. Rb7 b2
35. Kf2 Ra7 36. Rb8 Ra8 37. Rb7 Ra2 38. Ne2 Nd6 $1 39. e7 $1 (39. Rb8 Kg7 $19)
39... Nxb7 40. e8=Q b1=Q 41. Qf8+ Kh5 42. Qe7 $1 Qb6+ 43. Kf3 Qb3+ 44. Kf2
Rxe2+ 45. Qxe2+ (45. Kxe2 $142 {but it is probably insufficient, too:} h6 46.
h3 (46. Qe5+ Kg4) 46... Qg3 $1 47. Qe5+ g5 48. Qe8+ Kh4 49. Qxc6 Qxf4 $1 50.
Qxb7 Kg3 {etc. - Black should win as White's king is cut off.}) 45... Kh6 46.
g4 (46. Qe7 $5 Qc2+ 47. Ke1 $1 Qc5 $1 48. Qxb7 Qg1+ 49. Ke2 Qxg2+ $19 {_|_})
46... Nd8 $1 47. Qe7 Ne6 48. Qh4+ Kg7 49. Qe7+ Kg8 50. Qe8+ Nf8 51. Qxc6 Qe6
52. Qf3 Nd7 53. h3 Kf7 54. Qc3 Qd5 55. Kg3 Nc5 56. Kh4 h6 57. Qh8 g5+ 58. fxg5
hxg5+ 59. Kh5 Qe4 60. Kxg5 Ne6+ (60... Ne6+ 61. Kh4 Qe1+ 62. Kh5 Ng7+ 63. Kg5
Qe3+ 64. Kh4 Qf2+ 65. Kg5 Qf6#) 0-1